| 000 | 00971nas a2200301 4500 | ||
|---|---|---|---|
| 001 | BR7700089 | ||
| 003 | BR-BrBNA | ||
| 005 | 20231205083030.0 | ||
| 007 | ta | ||
| 008 | 230509b bl.|||p| |||| 00| 00por d | ||
| 040 |
_aBR-BrBNA _bpor _cBiblioteca Nacional de Agricultura |
||
| 041 | _a(Pt) | ||
| 072 | _aL30 | ||
| 100 | 1 | _aMoreira, H.A. | |
| 100 | 1 | _aVillalobos, J.R.J. | |
| 100 | 1 | _aViana, J.A.C. | |
| 100 | 1 | _aAlbuquerque Filho, G.C. | |
| 100 | 1 | _aSilva, F.G. | |
| 245 | 1 | _aEfeito do melaco puro e associado a ureia sobre a digestibilidade aparente do feno de pangola (Digitaria decumbens, Stent)em carneiros | |
| 650 | _aCARNEIRO | ||
| 650 | _aCAPIM PANGOLA | ||
| 650 | _aDIGESTIBILIDADE APARENTE | ||
| 650 | _aMELACO | ||
| 650 | _aUREIA | ||
| 773 | 0 |
_tArquivos da Escola de Veterinaria da Universidade Federal de Minas Gerais (Brazil) _x _g(1975), v. 27(2) p. 178-188 _wBR7700089 |
|
| 909 |
_a202311 _bLúcia _c55 _dLúcia Elande |
||
| 942 |
_2AGRIS _n0 _cANA |
||
| 999 |
_c95908 _d95908 |
||